| 000 | 00485nam a2200181 a 4500 | ||
|---|---|---|---|
| 001 | 3831 | ||
| 005 | 20140414131923.0 | ||
| 008 | 061021s19uu xx 00 eng d | ||
| 020 | _a9781858300184 | ||
| 050 |
_aER _bTr812 1997 |
||
| 245 |
_aTrevor: _bthe steam train. |
||
| 260 |
_aLondon : _bGrandreams Limited, _c1997. |
||
| 300 | _aunpg. | ||
| 520 | _aAn outrages story containing over 20 homonyms. | ||
| 650 |
_aTrain- _xfiction |
||
| 650 | _aChildren stories. | ||
| 999 |
_c111840 _d111840 |
||